1045 1569 1248 1471 1106 1047 1681 1691 1730 1668 1930 1448 1503 1344 1035 1294 1502 1916 1917 1851 1158 1391 1326 1511 1718 1628 1800 1181 1579 1391 1442 1696 1548 1695 2000 1487 1444 1997 1961 1825 1686 1325 1529 1789 1031 1723 1865 1418 1031 1877 1658 1187 1242 1872 1691 1881 1149 1863 1712 1786 1831 1217 1928 1107 1748 1990 1348 1507 1360 1793 1074 1429 1879 1903 1944 1333 1197 1470 1185 1084 1561 1338 1250 1499 1224 1663 1966 1524 1383 1433 1114 1100 1315 1437 1146 1434 1595 1617 1618 BCNSPRNW ULIB Ver.6.0+V

เปลี่ยนเป็นภาษาไทย

Change to English
 แสดงรายละเอียดบรรณานุกรม
  กลับหน้าหลัก

Brief Record : Get Marc (ISO 2709) : E-mail record : QR code < ปิดหน้าต่าง
LEADER : 00000nam 2200000uu 4500
001    13399121476
003     ULIB
008    121121s2552||||th 000 0 tha d
020    ^a9786115120284
050 04 ^aTT890^bอ846พ
100 0  ^aอุมาวดี ทรัพย์สิน
245 10 ^aพานดอกไม้บูชาพระประจำวัน /^cอุมาวดี ทรัพย์สิน
250    ^aพิมพ์ครั้งที่ 1
260    ^aกรุงเทพฯ :^bวาดศิลป์,^c2552
300    ^a64 หน้า :^bภาพประกอบ ;^c26 ซม
440  0 ^aโครงการหนังสืออนุรักษ์และส่งเสริมศิลปวัฒนธรรมไทย
650  7 ^aการจัดดอกไม้
650  7 ^aการประดิษฐ์ด้วยใบตอง
945    ^p160^l0^i16859
995    ^aวิภา
999 ^a ทศพร
รายการนี้ยังไม่มีแท็ก
คุณยังไม่ได้ล็อกอิน คุณสามารถมีกิจกรรมร่วมกับเว็บไซต์ได้ แต่ต้องล็อกอินก่อน ::
  ล็อกอิน

รายการสื่อสารสนเทศ

ลำดับที่ ประเภท เลขเรียก/บาร์โค้ด สถานที่ สถานะ
1. วิทยาศาสตร์การแพทย์ และสุขภาพ
วิทยาศาสตร์การแพทย์ และสุขภาพ
TT890 อ846พ  
  Barcode: 16859
ห้องสมุดวิทยาเขตสวรรค์ประชารักษ์
►หนังสือทั่วไป
บนชั้น

รายการใกล้เคียง
    ผู้แต่ง [อุมาวดี ทรัพย์สิน]

    หัวเรื่อง [การจัดดอกไม้]
    หัวเรื่อง [การประดิษฐ์ด้วยใบตอง]

BibComment


ยังไม่เคยถูกคอมเมนท์

คอมเมนท์ทรัพยากรรายการนี้
  คอมเมนท์: พานดอกไม้บูชาพระ..


 Copyright 2026. Bcnsprnw @Library